000 00761nam a2200205Ia 4500
999 _c39368
_d39368
001 5957
003 GE_BSU
005 20190902133113.0
008 181216s2000||||ge |||||||||||||| ||geo||
040 _cGE_BSU
041 _ageo
080 _a821.353.1-1 ა-13
100 _aაბაშიძე, ინგა
_93856
245 _aდაკარგული გულწრფელობა მტკივა :
_bლექსები /
_cინგა აბაშიძე.
264 _aბათუმი :
_bჰაიოს-ქართლოსი ;
_c2000.
300 _a34 გვ. ;
_c20 სმ.
653 _aდაკარგული გულწრფელობა მტკივა
653 _aლექსები
942 _cBK
_2udc